Faculty of Law Library — Cairo University

Official Online Catalog

Les Relations Internationales De 1945 À Nos Jours / (Record no. 53401)

MARC details
000 -LEADER
fixed length control field 01167nam a22003377i 4500
003 - CONTROL NUMBER IDENTIFIER
control field EG-GICUC
005 - DATE AND TIME OF LATEST TRANSACTION
control field 20260121101554.0
008 - FIXED-LENGTH DATA ELEMENTS--GENERAL INFORMATION
fixed length control field 251231s1996 fr a|||fr|||| 001 0 fre d
020 ## - INTERNATIONAL STANDARD BOOK NUMBER
International Standard Book Number 2200217277
040 ## - CATALOGING SOURCE
Original cataloging agency EG-GiCUC
Language of cataloging fre
Transcribing agency EG-GiCUC
Modifying agency EG-GiCUC
Description conventions Rda
041 ## - LANGUAGE CODE
Language code of text/sound track or separate title fre
082 04 - DEWEY DECIMAL CLASSIFICATION NUMBER
Edition number 21
Classification number 341.3
Item number CO . R
092 04 - LOCALLY ASSIGNED DEWEY CALL NUMBER (OCLC)
Edition number 21
099 ## - LOCAL FREE-TEXT CALL NUMBER (OCLC)
Classification number Law1 11 341.3 CO . R 6 ed - 1996
100 1# - MAIN ENTRY--PERSONAL NAME
Personal name Colard, Daniel
Relator term Auteur
245 14 - TITLE STATEMENT
Title Les Relations Internationales De 1945 À Nos Jours /
Statement of responsibility, etc. Par Daniel Colard ; Préf. Du Président Edgar Faure.
250 ## - EDITION STATEMENT
Edition statement 6e éd.
Remainder of edition statement revue et augm
264 #1 - PRODUCTION, PUBLICATION, DISTRIBUTION, MANUFACTURE, AND COPYRIGHT NOTICE
Place of production, publication, distribution, manufacture Paris :
Name of producer, publisher, distributor, manufacturer Masson & A. Colin,
Date of production, publication, distribution, manufacture, or copyright notice 1996.
300 ## - PHYSICAL DESCRIPTION
Extent 414 pages :
Other physical details illustration ;
Dimensions 24 cm.
336 ## - CONTENT TYPE
Source rda contenu
Content type term texte
337 ## - MEDIA TYPE
Source rda medias
Media type term Ordinateur
338 ## - CARRIER TYPE
Source transporteur rda
Carrier type term Ressource en ligne
490 0# - SERIES STATEMENT
Series statement U. Droit ;
Volume/sequential designation 276.
504 ## - BIBLIOGRAPHY, ETC. NOTE
Bibliography, etc. note Include Bibliography and indexes.
546 ## - LANGUAGE NOTE
Language note Texte en français
650 14 - SUBJECT ADDED ENTRY--TOPICAL TERM
Topical term or geographic name entry element Relations internationales
General subdivision Droit international public
Chronological subdivision 1945 à nos jours
700 1# - ADDED ENTRY--PERSONAL NAME
Personal name Faure, Edger
Relator term Préfacier
856 40 - ELECTRONIC LOCATION AND ACCESS
Uniform Resource Identifier <a href="https://fll.law.cu.edu.eg/fulltext/bks/B11-06729.pdf">https://fll.law.cu.edu.eg/fulltext/bks/B11-06729.pdf</a>
905 ## - Cataloger and Reviser Names
Cataloger Name: Rawan khaled
942 ## - ADDED ENTRY ELEMENTS (KOHA)
Source of classification or shelving scheme Dewey Decimal Classification
Koha item type Books
Edition 21
Suppress in OPAC No
Holdings
Withdrawn status Lost status Source of classification or shelving scheme Damaged status Not for loan Collection Home library Current library Date acquired Total checkouts Full call number Barcode Date last seen Copy number Price effective from Koha item type
    Dewey Decimal Classification   Not for loan القانون الدولي العام جــــامعة القــاهرة مكتبة كلية الحقوق - المبنى الرئيسي 31.12.2025   Law1 11 341.3 CO . R 6 ed - 1996 1106729 C1 B11-06729 31.12.2025 1 31.12.2025 Books

© All rights reserved — Faculty of Law, Cairo University